Educational psychology : a developmental approach
| Main Author: | |
|---|---|
| Other Authors: | , |
| Format: | Book |
| Published: |
New York :
McGraw-Hill ,
1994
|
| Edition: | 6th ed |
| Subjects: |
MARC
| LEADER | 00000cam a2200000 7i4500 | ||
|---|---|---|---|
| 001 | 0000002344 | ||
| 002 | 000002551 | ||
| 005 | 20000330.0 | ||
| 020 | |a 0070605475 | ||
| 090 | 0 | 0 | |a 370.15 |b SPR |
| 100 | 1 | |a Sprinthall, Norman A | |
| 245 | 1 | 0 | |a Educational psychology : |b a developmental approach |c Norman A.Sprintall |
| 250 | |a 6th ed | ||
| 260 | |a New York : |b McGraw-Hill , |c 1994 | ||
| 300 | |a 677p. ; |c 26cm. | ||
| 650 | 0 | 0 | |a Educational psychology |
| 700 | 1 | |a Oja, Sharon N | |
| 700 | 1 | |a Sprinthall, Richard C | |
| 999 | |a 035809 |b BUKU |c PINJAMAN |e PERPUSTAKAAN KOMUNITI PETALING JAYA | ||